00426nam a22001697a 450000500170000000800410001702000180005804100080007608200150008410000190009924500270011825000090014526000620015430000100021636500160022665000140024220230603124708.0230329b |||||||| |||| 00| 0 eng d a9781543346916 aeng a616.07/KAU aKaushik, Madan aConceptual Pathology-1 a2022 aJalandharbS. Vikas and Company (Medical Publisher)c2022 a288P. b399.00crs. aPATHOLOGY